| 000 | 00559nam a2200193Ia 4500 | ||
|---|---|---|---|
| 005 | 20250326142928.0 | ||
| 008 | 250326s9999 xx 000 0 und d | ||
| 020 | _a3-450-43226-4 | ||
| 037 | _aTextbook | ||
| 040 |
_aFMSL _beng _cFMSL |
||
| 041 |
_aeng _2eng |
||
| 084 |
_aX65.42_.55_.73 P2 _qFMSL |
||
| 100 |
_aHeinrich R P _9746914 |
||
| 245 | 0 |
_aComplementaries in corporate Goverce _cHeinrich R P |
|
| 260 |
_aNew York _bNew York, Springer _c2002 |
||
| 300 | _a250p | ||
| 942 |
_cTB _hX65.42_.55_.73 P2 |
||
| 999 |
_c1297317 _d1297317 |
||